Songs by Evanescence - Statistics

General Stats
  • This quiz has been taken 164 times
  • The average score is 25 of 36
Answer Stats
Hint Answer % Correct
Bring Me To Life
98%
My Immortal
93%
2003 - Fallen Going Under
88%
Lithium
87%
Everybody's Fool
86%
Tourniquet
84%
Hello
82%
Call Me When You're Sober
80%
2011 - Evanescence What You Want
77%
Haunted
76%
Whisper
74%
My Heart Is Broken
73%
2006 - The Open Door Sweet Sacrifice
73%
Imaginary
72%
Good Enough
71%
My Last Breath
71%
Snow White Queen
71%
Lacrymosa
68%
All That I Am Living For
67%
Lost In Paradise
67%
Taking Over Me
67%
Your Star
64%
The Only One
63%
Made Of Stone
62%
Like You
61%
Oceans
61%
Swimming Home
61%
Cloud Nine
60%
Weight Of The World
60%
Lose Control
59%
The Change
57%
Sick
56%
End Of The Dream
51%
Erase This
50%
The Other Side
50%
Never Go Back
48%
No matching quizzes found
Score Distribution
Percent of People with Each Score
Percentile by Number Answered
Your Score History
You have not taken this quiz